Phenomenological Inquiry in Psychology : Existential and Transpersonal Dimensions /

Wedi'i Gadw mewn:
Manylion Llyfryddiaeth
Prif Awdur: Valle, Ron (autor)
Fformat: Llyfr
Iaith:Saesneg
Cyhoeddwyd: Nueva York, EUA : Plenum, 1998, c1998
Pynciau:
Tagiau: Ychwanegu Tag
Dim Tagiau, Byddwch y cyntaf i dagio'r cofnod hwn!

MARC

LEADER 00000nam^a2200000^a^4500
001 000195904
005 20250521000000.0
009 20260310102807.347
020 |a 0-306-45543-9 
037 |a Acervo ITESO - Biblioteca 
041 |a ING 
082 |a 150. 192  |b VAL 
100 |a Valle, Ron  |e (autor) 
245 1 0 |a Phenomenological Inquiry in Psychology :  |b Existential and Transpersonal Dimensions /  |c Ed. de R. Valle ; advertencia de Rosemarie Anderson. 
264 4 |a Nueva York, EUA :  |b Plenum,  |c 1998, c1998 
300 |a XXI, 442 p. 
336 |a texto  |b txt  |2 rdacontenido 
337 |a sin mediación  |b n  |2 rdamedio 
338 |a volumen  |b nc  |2 rdasoporte 
649 |a XX 
650 |a Mujeres -  |x Condiciones Psicológicas 
650 |a Fenomenología 
650 |a Existencialismo 
650 |a Psicoterapia Existencial 
650 |a Psicología Clínica 
650 |a Psicología Experimental 
650 |a Psicología Transpersonal 
650 |a Psicología -  |x Investigación -  |x Tema Principal 
650 |a Psicología -  |x Teoría 
910 |a Fondo General 
920 |a Impresos - Libros 
930 |a Colección General 
905 |a 101 
901 |a 0500142102  |b IT1  |c ACC  |u 20250521 
902 |a https://opac.biblio.iteso.mx/vufind/Record/000195904